000 00364 a2200157 4500
001 155565
040 _cEscola São Tomás de Aquino
100 _aASSUNÇÃO, Bel Azevedo
240 1 0 _aFaça língua portuguesa
_lpor
245 1 0 _aFaça língua portuguesa
300 _a144
362 0 _a2016
440 1 _aFTD
697 _aLíngua portuguesa
942 _cBK
999 _c155565
_d155565